000 00607nam a22002297a 4500
003 LK-CoMWRAF
005 20231230110220.0
008 231116b |||||||| |||| 00| 0 eng d
020 _a8171674720
040 _aLK-CoMWRAF
_dLK-CoMWRAF
_eLK-CoMWRAF
041 _aeng
082 _a823
_bMAT
100 _aMathers, E. Powys
245 _aThe Thousand nights and one night
260 _aNew Delhi :
_bRupa and company,
_c2000
300 _a405p
490 _aVolume V - VI
650 _aEnglish Fiction
650 _aFiction -- Arabian peninsula
700 _aMcRae, Roderick
_eills.
942 _cBK
999 _c4093
_d4093